000 00392nam a2200181Ia 4500
100 _aWest/Douglas B
650 _aGraph theory
250 _a2
942 _cBK
366 _f20
654 _agraph theory
245 _aIntroduction to Graph theory
260 _bPrentice Hall of India
_c2001
082 _a511.5
_bWES
300 _a588
546 _aENGLISH
_cproduction
999 _c22731
_d22731